00322nam a2200133Ia 4500008004100000082001500041100001200056245004300068250000800111260003700119300000800156650000800164700001600172191201s2000 xx 000 0 und d a658.3bFRT aFRANCES 0aTraining Needs Analysis and Evaluation a1st aHydrabadbUniversity Pressc2000 a301 aMBA a BEE Roland